[Event "Florianopolis op 10th"]
[Site "Florianopolis"]
[Date "2024.01.25"]
[Round "7"]
[White "Branco, Joao Pedro Belaglov"]
[Black "Bauza, Alejandro"]
[Result "0-1"]
[WhiteElo "1778"]
[BlackElo "2205"]
[PlyCount "114"]
[EventDate "2024.01.20"]
[EventType "swiss"]
[EventRounds "10"]
[EventCountry "BRA"]
[SourceTitle "CB05_2024"]
[SourceDate "2024.01.31"]
[SourceVersion "1"]
[SourceVersionDate "2024.01.31"]
[SourceQuality "1"]

1. e4 e6 2. Nc3 d5 3. Nf3 Nf6 4. d4 Nxe4 5. Nxe4 dxe4 6. Ng5 c5 7. Nxe4 cxd4 8. Qh5 Qd5 9. Qf3 Nc6 10. Bd2 Bd7 11. c4 dxc3 12. Bxc3 Nd4 13. Qd3 Bc6 14. f3 0-0-0 15. Rd1 e5 16. Bxd4 Qxd4 17. Qxd4 exd4 18. Bc4 f6 19. Kf2 Be7 20. Rd3 Kb8 21. Be6 Rhf8 22. Nd2 Bc5 23. Rc1 Bb6 24. Bc4 Rfe8 25. Rd1 Re3 26. Nb3 Rxd3 27. Rxd3 Be8 28. Nd2 Bg6 29. Ne4 h6 30. a4 a5 31. b3 Re8 32. Bd5 Re5 33. Bc4 Bxe4 34. fxe4 Rxe4 35. Kf3 Re1 36. Kg4 Re5 37. h4 g6 38. Bf7 f5+ 39. Kf3 g5 40. hxg5 hxg5 41. g4 Bc5 42. Bg6 f4 43. Bf5 Kc7 44. Be4 Re7 45. Bd5 Kd6 46. Bc4 Ba7 47. Kf2 Rh7 48. Kg2 Kc5 49. Kf3 Rh4 50. Be6 Rh3+ 51. Ke4 Rg3 52. Bf5 Kb4 53. Be6 Bc5 54. Rf3 Rxf3 55. Kxf3 Kc3 56. Ke2 d3+ 57. Kd1 f3 0-1